[Event "14th HIT Open"]
[Site "Nova Gorica SLO"]
[Date "2009.01.31"]
[Round "1"]
[White "Jovanic,O"]
[Black "Rozic,V"]
[Result "1-0"]
[WhiteElo "2527"]
[BlackElo "2280"]

1.d4 d5 2.c4 e6 3.Nf3 Nf6 4.Nc3 c6 5.e3 Nbd7 6.Be2 Bd6 7.O-O O-O 8.b3 b6
9.Bb2 Bb7 10.Rc1 Re8 11.Re1 dxc4 12.bxc4 e5 13.Qc2 Qe7 14.Rcd1 Rad8 15.Ne4 Nxe4
16.Qxe4 Nf6 17.Qc2 e4 18.Nd2 Bc8 19.c5 bxc5 20.dxc5 Be5 21.Nb3 Bxb2 22.Qxb2 Bg4
23.h3 Bxe2 24.Qxe2 Rd5 25.Qa6 Qc7 26.Rxd5 Nxd5 27.Nd4 Nb4 28.Qc4 Nd3 29.Rb1 h6
30.f4 Rd8 31.Nf5 Qd7 32.Qxe4 Nxc5 33.Qc2 Ne6 34.Qxc6 Qd3 35.Qb5 Qc2 36.Rb2 Qc1+
37.Kh2 a6 38.Qe5 Rd1 39.Ng3 Qc5 40.Rb8+ Kh7 41.Qe4+ g6 42.Rb7 Kg8 43.f5 Nf8
44.fxg6 Nxg6 45.Qf3 Qd5 46.Rb8+ Kh7 47.Qxd5 Rxd5 48.Rb7 Ne5 49.Ne4 Ra5 50.Nc3 Rc5
51.Rb3 Kg7 52.Kg3 Rc4 53.Ra3 Nc6 54.Nd5 a5 55.Rc3 Rxc3 56.Nxc3 Nb4 57.Kf4 Kf6
58.a3 Nd3+ 59.Ke4 Ne1 60.g3 Ke6 61.Ne2 a4 62.Nd4+ Kf6 63.Kd5 Ng2 64.Nc2 h5
65.Ke4  1-0

[Event "XXXIV Open"]
[Site "Seville ESP"]
[Date "2009.01.31"]
[Round "9"]
[White "Alonso Garcia,R"]
[Black "Ibarra Jerez,JC"]
[Result "1/2-1/2"]
[WhiteElo "2368"]
[BlackElo "2513"]

1.d4 Nf6 2.Nf3 d5 3.c4 e6 4.Nc3 c6 5.e3 a6 6.Qc2 dxc4 7.Bxc4 c5 8.dxc5 Bxc5
9.O-O Nbd7 10.Bd2 b5 11.Bd3 Bb7 12.Ne4 Rc8 13.Qb1 O-O 14.Rd1 Nxe4 15.Bxe4 Bxe4
16.Qxe4 Nf6 17.Qb7 Qb6 18.Qxb6 Bxb6  1/2-1/2

[Event "FINEC GM"]
[Site "St Petersburg RUS"]
[Date "2009.01.31"]
[Round "4"]
[White "Brodsky,M"]
[Black "Khakimov,T"]
[Result "1-0"]
[WhiteElo "2518"]
[BlackElo "2310"]

1.d4 d5 2.c4 c6 3.Nf3 Nf6 4.Nc3 e6 5.e3 Nbd7 6.Bd3 dxc4 7.Bxc4 b5 8.Bd3 a6
9.a4 b4 10.Ne4 c5 11.O-O Bb7 12.Nxf6+ Nxf6 13.dxc5 Bxc5 14.Qe2 O-O 15.e4 Nd7
16.Bf4 Qf6 17.Bg3 e5 18.Rfd1 Bd4 19.Rac1 Rac8 20.Nxd4 exd4 21.e5 Qb6 22.Bf5 Rxc1
23.Rxc1 Nc5 24.Qc2 d3 25.Qxc5 d2 26.Bxh7+ Kxh7 27.Qc2+ Kg8 28.Qxd2 Rd8 29.Qg5 Rd7
30.h4 Qe6 31.Bf4 b3 32.h5 Rd3 33.a5 Kh7 34.f3 Bc6 35.Kf2 Rd5 36.h6 g6 37.Kg3 Rd7
38.Rc3 Bb7 39.Kh2 Bc6 40.Rxb3 f6 41.Qxf6 Qxb3 42.Qxc6 Qf7 43.Bg5 Qd5 44.Qxd5 Rxd5
45.f4 Rd2 46.b4 Rd4 47.e6 Rxb4 48.g4 Rb5 49.Kg3 Rb1 50.Kf2 Rb2+ 51.Ke3 Rb3+
52.Kd4  1-0

[Event "Bundesliga 2008-9"]
[Site "Berlin GER"]
[Date "2009.02.01"]
[Round "11"]
[White "Seifert,V"]
[Black "Ribli,Z"]
[Result "1/2-1/2"]
[WhiteElo "2360"]
[BlackElo "2577"]

1.d4 d5 2.c4 c6 3.Nc3 Nf6 4.e3 e6 5.Nf3 Nbd7 6.Bd3 dxc4 7.Bxc4 b5 8.Bd3 Bb7
9.e4 b4 10.Na4 c5 11.e5 Nd5 12.O-O cxd4 13.Re1 g6 14.Bg5 Qa5 15.Nxd4 a6 16.a3 bxa3
17.bxa3 Bg7 18.Rb1 Rb8 19.Bd2 Qd8 20.Rxb7 Rxb7 21.Bxa6 Rc7 22.Ba5 O-O 23.Nc6 Qa8
24.Ne7+ Nxe7 25.Bxc7 Nd5 26.Bf1 Nxc7 27.Qxd7 Nd5 28.Nc5 Qa5 29.Nd3 Qxa3 30.g3 h5
31.h4 Qc3 32.Rc1 Qd4 33.Qd6 Ra8 34.Qc6 Rd8 35.Rc4 Qa7 36.Rc1 Qb8 37.Re1 Ne7
38.Qe4 Rd5 39.Kh2 Nf5 40.f4 Bf8 41.Qe2 Qb3 42.Rc1 Kg7 43.Qf3 Ba3 44.Re1 Bc5
45.Kh3 Ba7 46.Re4 Qb6 47.Bg2 Ne3 48.Rxe3  1/2-1/2

[Event "Bundesliga 2008-9"]
[Site "Berlin GER"]
[Date "2009.02.01"]
[Round "11"]
[White "Markos,J"]
[Black "Najer,E"]
[Result "1/2-1/2"]
[WhiteElo "2557"]
[BlackElo "2682"]

1.d4 d5 2.c4 c6 3.Nc3 Nf6 4.e3 e6 5.Nf3 a6 6.b3 Bb4 7.Bd2 Bd6 8.Bd3 c5 9.cxd5 exd5
10.dxc5 Bxc5 11.O-O O-O 12.Ne2 Nc6 13.Ned4 Bxd4 14.Nxd4 Nxd4 15.exd4 Bg4
16.f3 Bh5 17.Re1 Bg6 18.Bxg6 hxg6 19.Bg5 Qd6 20.Qd2 Rfe8 21.Bxf6 gxf6 22.Rxe8+ Rxe8
23.Re1 Rxe1+  1/2-1/2

[Event "Arcapita Open"]
[Site "Manama BHN"]
[Date "2009.02.01"]
[Round "8"]
[White "Kiss,Pa1"]
[Black "Sriram,J"]
[Result "0-1"]
[WhiteElo "2389"]
[BlackElo "2442"]

1.d4 d5 2.c4 c6 3.e3 Nf6 4.Nc3 e6 5.Nf3 Nbd7 6.Qc2 Bd6 7.Bd3 O-O 8.O-O dxc4
9.Bxc4 a6 10.a4 c5 11.dxc5 Bxc5 12.b3 b6 13.Ne4 Be7 14.Bb2 Bb7 15.Nxf6+ Bxf6
16.Nd4 Ne5 17.Rfd1 Nxc4 18.Qxc4 Rc8 19.Qe2 Qd5 20.f3 Qh5 21.Qe1 Be5 22.h3 Qg6
23.Qe2 h6 24.Nc6 Rxc6 25.Bxe5 Rc2 26.Qf1 a5 27.Kh2 Qh5 28.Bg3 Bxf3 29.Bf2 Bxd1  0-1

[Event "Open"]
[Site "Moscow RUS"]
[Date "2009.02.01"]
[Round "2"]
[White "Kotsur,P"]
[Black "Solovjev,N2"]
[Result "1-0"]
[WhiteElo "2563"]
[BlackElo "2304"]

1.Nf3 Nf6 2.c4 e6 3.Nc3 d5 4.d4 c6 5.e3 Be7 6.Bd3 O-O 7.O-O Nbd7 8.e4 dxe4
9.Nxe4 Nxe4 10.Bxe4 c5 11.Bc2 cxd4 12.Qxd4 Nf6 13.Qh4 Qa5 14.Bxh7+ Nxh7 15.Qxe7 Nf6
16.b4 Qd8 17.Qxd8 Rxd8 18.Bg5 b6 19.Ne5 Bb7 20.f3 Rac8 21.Rfd1 Ba6 22.b5 Bb7
23.a4 Rxd1+ 24.Rxd1 Rc5 25.Rd8+ Kh7 26.Nxf7 Kg6 27.Be3 Rc7 28.Nd6 Nd7 29.Ne8 Bc8  1-0

[Event "Bundesliga 2008-9"]
[Site "Muelheim GER"]
[Date "2009.02.01"]
[Round "11"]
[White "Chuchelov,V"]
[Black "Shirov,A"]
[Result "0-1"]
[WhiteElo "2575"]
[BlackElo "2726"]

1.Nf3 d5 2.d4 Nf6 3.c4 e6 4.Nc3 c6 5.e3 Nbd7 6.Qc2 Bd6 7.b3 O-O 8.Be2 b6
9.O-O Bb7 10.Bb2 Qe7 11.Rfd1 Rac8 12.Rac1 Rfd8 13.Qb1 a6 14.Bf1 c5 15.cxd5 exd5
16.g3 c4 17.a4 cxb3 18.Nd2 h5 19.Nxb3 h4 20.Bg2 hxg3 21.hxg3 Bxg3 22.Bf3 Bb8
23.Nd2 Nf8 24.Kg2 Ne6 25.Rh1 g6 26.Ba1 Qd6 27.Qb3 Kg7 28.Bb2 Ng5 29.Be2 Qe6
30.Rh4 Rh8 31.Rch1 Rxh4 32.Rxh4 Bc7 33.Qd1 Bd6 34.Qb3 Be7 35.Rh1 Rc6 36.Ba3 Bxa3
37.Qxa3 Qc8 38.Ndb1 Nge4 39.Nxe4 Nxe4 40.Qe7 Rf6 41.f3 Rxf3  0-1

[Event "7th Gibtelecom Masters"]
[Site "Caleta ENG"]
[Date "2009.02.02"]
[Round "7"]
[White "Brown,Th"]
[Black "Samuelsson,SG"]
[Result "0-1"]
[WhiteElo "2027"]
[BlackElo "2143"]

1.d4 d5 2.c4 c6 3.Nc3 Nf6 4.e3 e6 5.Nf3 Nbd7 6.Bd3 dxc4 7.Bxc4 b5 8.Bd3 b4
9.Ne4 Nxe4 10.Bxe4 Bb7 11.Qa4 Qb6 12.O-O Be7 13.Bd2 O-O 14.Rfc1 Rfc8 15.Rc4 a5
16.Rac1 Ra6 17.Ne1 Qc7 18.Nd3 Nb6 19.Qd1 Nxc4 20.Rxc4 Rb6 21.Nc5 Ba6 22.Rc1 Bxc5
23.Rxc5 Bb5 24.Qh5 g6 25.Qh6 Qe7 26.Rh5 f5  0-1

[Event "7th Gibtelecom Masters"]
[Site "Caleta ENG"]
[Date "2009.02.02"]
[Round "7"]
[White "Vernay,C"]
[Black "Berczes,D"]
[Result "1/2-1/2"]
[WhiteElo "2339"]
[BlackElo "2513"]

1.d4 d5 2.Nf3 Nf6 3.c4 e6 4.Nc3 c6 5.e3 Nbd7 6.Bd3 dxc4 7.Bxc4 b5 8.Bd3 a6
9.O-O Bb7 10.e4 c5 11.d5 Qc7 12.dxe6 fxe6 13.Bc2 Bd6 14.Ng5 Qc6 15.a4 Be5
16.axb5 axb5 17.Rxa8+ Bxa8 18.Qd3 h6 19.Qh3 Ke7 20.Re1 b4 21.Ne2 Rf8 22.Nf3 Nxe4
23.Nf4 Bxf4 24.Bxe4 Qxe4 25.Rxe4 Bxe4 26.Bxf4 Rxf4 27.Qg3 g5 28.h4 Bxf3 29.hxg5 hxg5
30.Qxg5+ Rf6 31.gxf3 Kd6 32.Qd2+  1/2-1/2

[Event "7th Gibtelecom Masters"]
[Site "Caleta ENG"]
[Date "2009.02.02"]
[Round "7"]
[White "Webster,R"]
[Black "Flores Chico,J"]
[Result "1/2-1/2"]
[WhiteElo "1956"]
[BlackElo "2121"]

1.d4 d5 2.c4 e6 3.Nc3 c6 4.Nf3 Nf6 5.e3 Nbd7 6.Bd3 dxc4 7.Bxc4 b5 8.Bd3 b4
9.Na4 c5 10.Nxc5 Nxc5 11.dxc5 Bxc5 12.O-O Bb7 13.Bb5+ Ke7 14.Qe2 Qb6 15.Bd3 Rhd8
16.Ne5 Qd6 17.f4 Nd7 18.Qh5 Rf8 19.Nxd7 Kxd7 20.Rd1 Ke7 21.Be4 Qxd1+ 22.Qxd1 Bxe4
23.Bd2 Rfd8 24.Qe1 a5 25.a3 bxa3 26.bxa3 Rd3 27.Rc1 Rad8 28.Bxa5 Bxe3+ 29.Kh1 R8d5
30.Rc7+ Kf6 31.Bc3+ e5 32.Qh4+ Ke6 33.Qe7+ Kf5 34.Qg5+ Ke6 35.Qe7+ Kf5 36.Qg5+  1/2-1/2

[Event "7th Gibtelecom Masters"]
[Site "Caleta ENG"]
[Date "2009.02.02"]
[Round "7"]
[White "Aerni,A"]
[Black "Madland,K"]
[Result "1/2-1/2"]
[WhiteElo "2102"]
[BlackElo "1992"]

1.d4 d5 2.Nf3 Nf6 3.c4 c6 4.Nc3 e6 5.e3 Nbd7 6.Bd3 dxc4 7.Bxc4 b5 8.Bd3 Bb7
9.O-O a6 10.Qe2 c5 11.Rd1 Qc7 12.Bd2 Bd6 13.Rac1 Qb6 14.Be1 O-O 15.Bb1 Rfd8
16.e4 cxd4 17.Nxd4 Rac8 18.Nb3 Bb8 19.Kh1 Bc6 20.Na5 b4 21.Nxc6 Rxc6 22.e5 Nxe5
23.Ne4 Rxc1 24.Nxf6+ gxf6 25.Rxc1 Qd6 26.g3 f5 27.Kg2 Ba7 28.Bxb4 Qxb4 29.Qxe5 Qd2
30.Rf1 Bd4 31.Qc7 Bxb2 32.Bc2 Qd6 33.Qxd6 Rxd6 34.Rd1 Rxd1 35.Bxd1 Kf8  1/2-1/2

[Event "Open A"]
[Site "Moscow RUS"]
[Date "2009.02.02"]
[Round "3"]
[White "Rychagov,A"]
[Black "Timofeev,Arty"]
[Result "1/2-1/2"]
[WhiteElo "2515"]
[BlackElo "2671"]

1.d4 d5 2.c4 e6 3.Nf3 Nf6 4.Nc3 c6 5.e3 Nbd7 6.Qc2 Bd6 7.b3 O-O 8.Bb2 e5
9.cxd5 cxd5 10.dxe5 Nxe5 11.Nxe5 Bxe5 12.Bd3 d4 13.exd4 Qxd4 14.O-O-O Qf4+
15.Kb1 Bg4 16.f3 Bh5 17.Nd5 Nxd5 18.Bxh7+ Kh8 19.Rxd5 Rae8 20.g4 f5 21.Rxe5 Kxh7
22.Rhe1 Bg6 23.Rxe8 Rxe8 24.Rxe8 Bxe8 25.Qc3 Qg5 26.h4 Qe7 27.gxf5 Qd7 28.Qe5 Qd1+
29.Bc1 Bh5 30.Kb2 Qxf3 31.Bd2  1/2-1/2

[Event "Open A"]
[Site "Moscow RUS"]
[Date "2009.02.02"]
[Round "3"]
[White "Papin,V"]
[Black "Grachev,B"]
[Result "1-0"]
[WhiteElo "2457"]
[BlackElo "2655"]

1.d4 d5 2.c4 c6 3.Nc3 Nf6 4.Nf3 e6 5.e3 Nbd7 6.Qc2 Bd6 7.b3 O-O 8.Be2 b6
9.O-O Bb7 10.Bb2 Qe7 11.Rad1 Rfe8 12.Rfe1 Bb4 13.Bd3 Rac8 14.a3 Bxc3 15.Bxc3 c5
16.Ne5 cxd4 17.exd4 a5 18.Qb2 Nf8 19.c5 Ne4 20.Bxe4 dxe4 21.cxb6 Qg5 22.Re3 Bd5
23.Rde1 f5 24.Rg3 Qf6 25.Bd2 Ng6 26.Bg5 Qf8 27.Nxg6 hxg6 28.Bf4 Rc6 29.Bc7 Qf6
30.Qd2 f4 31.Bxf4 Rxb6 32.Qxa5 Rb7 33.Qd2 Rxb3 34.Rxb3 Bxb3 35.Rxe4 Bd5 36.Re1 Ra8
37.Be5 Qf5 38.Qc3 g5 39.h3 Ra7 40.f3 Rb7 41.Rc1 Kh7 42.Qd2 Rd7 43.Rc7 Rxc7
44.Bxc7 Kg6 45.Be5 Bxf3 46.gxf3 Qxf3 47.Qg2 Qxa3 48.h4 Qe3+ 49.Kh2 Kf7 50.Qxg5 Qf2+
51.Kh3 Qf3+ 52.Qg3 Qh1+ 53.Kg4 Qb1 54.h5 Kg8 55.Qg2 Qf5+ 56.Kh4  1-0

[Event "7th Gibtelecom Masters"]
[Site "Caleta ENG"]
[Date "2009.02.03"]
[Round "8"]
[White "Obers,F"]
[Black "Urbina Perez,J"]
[Result "1/2-1/2"]
[WhiteElo "2107"]
[BlackElo "2215"]

1.c4 Nf6 2.Nc3 c6 3.d4 d5 4.e3 e6 5.Nf3 Nbd7 6.Bd3 dxc4 7.Bxc4 b5 8.Bd3 Bd6
9.e4 e5 10.dxe5 Nxe5 11.Nxe5 Bxe5 12.Qe2 b4 13.Nd1 Qc7 14.Bd2 a5 15.a3 Rb8
16.axb4 axb4 17.h3 O-O 18.O-O Re8 19.Be3 Bf4 20.Qf3 Bxe3 21.Nxe3 Qe5 22.Nc4 Qd4
23.e5 Nd5 24.Rfd1 Qf4 25.Qxf4 Nxf4 26.Be4 Be6 27.Nd6 Red8 28.Bxc6 Ng6 29.Bd5 Nxe5
30.Bxe6 fxe6 31.b3  1/2-1/2

[Event "Open A"]
[Site "Moscow RUS"]
[Date "2009.02.03"]
[Round "4"]
[White "Riazantsev,A"]
[Black "Sveshnikov,E"]
[Result "1-0"]
[WhiteElo "2634"]
[BlackElo "2535"]

1.d4 d5 2.c4 e6 3.Nf3 Nf6 4.Nc3 c6 5.e3 Nbd7 6.Bd3 dxc4 7.Bxc4 b5 8.Bd3 b4
9.Ne4 Nxe4 10.Bxe4 Bb7 11.O-O Bd6 12.a3 a5 13.Qc2 f5 14.Bd3 c5 15.e4 O-O
16.Ng5 cxd4 17.Nxe6 Qh4 18.g3 Qh3 19.Ng5 Qh5 20.Be2 Qg6 21.exf5 Rxf5 22.Bc4+ Kh8
23.Qxf5 Qxf5 24.Nf7+ Qxf7 25.Bxf7 Ne5 26.Bh5 Nf3+ 27.Bxf3 Bxf3 28.Bd2 Rb8
29.Rfe1 Kg8 30.axb4 Bxb4 31.Bxb4 axb4 32.Ra7 d3 33.Rd7 Be2 34.Rc1 h5 35.f4 Re8
36.Rcc7 Kh8 37.Kf2 Bg4 38.Rxd3 Re2+ 39.Kf1 Rxb2 40.Rd8+ Kh7 41.Rb8 b3 42.Rbb7 Kg6
43.Rxg7+ Kf5 44.Rge7 Bf3 45.Rb4 Kf6 46.Re3 Bd5 47.Re5 Bf7 48.Rb6+ Kg7 49.Rg5+ Kf8
50.Rf5 Kg8 51.Rb8+ Kg7 52.Rb7 Rxh2 53.Rbxf7+ Kg6 54.R5f6+  1-0

[Event "Open A"]
[Site "Moscow RUS"]
[Date "2009.02.03"]
[Round "4"]
[White "Kotsur,P"]
[Black "Papin,V"]
[Result "1/2-1/2"]
[WhiteElo "2563"]
[BlackElo "2457"]

1.d4 d5 2.c4 c6 3.Nf3 Nf6 4.Nc3 e6 5.e3 Nbd7 6.Qc2 Bd6 7.g4 dxc4 8.Bxc4 e5
9.g5 Nd5 10.Bd2 O-O 11.Ne4 Bc7 12.O-O-O exd4 13.Nxd4 Ne5 14.Be2 Bh3 15.Rhg1 Ng6
16.Kb1 Re8 17.f3 Qe7 18.a3 Rad8 19.Bc1 Kh8 20.Bc4 Nh4 21.Bd3 Ng6 22.Qf2 a6
23.Bc2 c5 24.Ne2 b5 25.N2c3 Nb6 26.f4  1/2-1/2

[Event "Open A"]
[Site "Moscow RUS"]
[Date "2009.02.03"]
[Round "4"]
[White "Gagarin,V"]
[Black "Zubov,A UKR"]
[Result "1/2-1/2"]
[WhiteElo "2392"]
[BlackElo "2574"]

1.d4 d5 2.c4 c6 3.Nf3 Nf6 4.Nc3 e6 5.e3 Nbd7 6.Qc2 Bd6 7.Bd3 dxc4 8.Bxc4 O-O
9.O-O a6 10.Rd1 b5 11.Be2 Qc7 12.b3 Bb7 13.Ne4 Nxe4 14.Qxe4 c5 15.Qh4 Nf6
16.dxc5 Bxc5 17.Bb2 Qe7 18.b4 Bb6 19.a4 bxa4 20.Rxa4 Nd5 21.Qxe7 Nxe7 22.Rda1 Nd5
23.Bxa6 Bxa6 24.Rxa6 Rab8 25.Be5 Bc7 26.Bxc7 Nxc7  1/2-1/2

[Event "FINEC GM"]
[Site "St Petersburg RUS"]
[Date "2009.02.03"]
[Round "8"]
[White "Abasov,N"]
[Black "Khakimov,T"]
[Result "1-0"]
[WhiteElo "2397"]
[BlackElo "2310"]

1.c4 c6 2.Nc3 d5 3.d4 Nf6 4.Nf3 e6 5.e3 Nbd7 6.Bd3 dxc4 7.Bxc4 b5 8.Bd3 Bb7
9.a3 a5 10.O-O Bd6 11.e4 e5 12.d5 b4 13.dxc6 Bxc6 14.Nb5 Qb8 15.Nxd6+ Qxd6
16.axb4 axb4 17.Rxa8+ Bxa8 18.Bb5 Qc7 19.Bd2 O-O 20.Bxb4 Rc8 21.Re1 Bxe4
22.Bc3 Rd8 23.Qe2 Bxf3 24.Qxf3 h6 25.h3 e4 26.Qe3 Ne5 27.Qg3 Rd5 28.Bf1 Qd6
29.Be2 Nd3 30.Qxd6 Rxd6 31.Rb1 Nd5 32.Bd2 N5b4 33.Bxd3 Nxd3 34.b4 Rd7 35.Be3 f5
36.g3 g5 37.b5 f4 38.Bb6 Kf7 39.Ra1 Ke6 40.Ra6 Kd5 41.Ba5 Rb7 42.b6 Kc6 43.Ra8 Kb5
44.Kf1 f3 45.Ra7 Kc6 46.Ra8 Rd7 47.Rh8 Rd6 48.Rc8+ Kb7 49.Rc7+ Kb8 50.Rc4 Re6
51.Rd4 Nc5 52.Ke1 Kb7 53.Rd5 Nd3+ 54.Kd2 e3+ 55.fxe3 f2 56.Rd7+ Kb8 57.Rd8+ Kb7
58.Rd7+ Kc6 59.Rc7+ Kd5 60.Rd7+ Kc5 61.Rc7+ Kd6 62.b7 f1=Q 63.b8=Q Qf2+ 64.Kc3 Qe1+
65.Kc2 Qe2+ 66.Kb1 Kd5 67.Qb7+ Ke5 68.Bc3+ Kf5 69.g4+  1-0

[Event "Open A"]
[Site "Moscow RUS"]
[Date "2009.02.05"]
[Round "6"]
[White "Nyzhnyk,I"]
[Black "Belov,Vl"]
[Result "0-1"]
[WhiteElo "2504"]
[BlackElo "2627"]

1.d4 Nf6 2.c4 e6 3.Nf3 d5 4.Nc3 c6 5.e3 Nbd7 6.Qc2 Bd6 7.cxd5 exd5 8.Bd3 O-O
9.Bd2 Qe7 10.Nh4 g6 11.Nf3 Re8 12.O-O-O Ne4 13.Rdf1 Ndf6 14.Kb1 Bf5 15.Nh4 Bd7
16.h3 Rac8 17.g4 c5 18.Nf3 Nxc3+ 19.Bxc3 c4 20.Be2 b5 21.Ba5 b4 22.Nd2 Rc6  0-1

[Event "Open A"]
[Site "Moscow RUS"]
[Date "2009.02.06"]
[Round "7"]
[White "Aleksandrov,A"]
[Black "Kharlov,A"]
[Result "1/2-1/2"]
[WhiteElo "2636"]
[BlackElo "2511"]

1.d4 d5 2.c4 c6 3.Nc3 Nf6 4.e3 e6 5.Nf3 a6 6.b3 Bb4 7.Bd2 Nbd7 8.Bd3 O-O
9.O-O Bd6 10.Qc2 e5 11.cxd5 cxd5 12.e4 exd4 13.Nxd5 Nxd5 14.exd5 Nf6 15.Rfe1 Bg4
16.Nxd4 Rc8 17.Qb2 Rc5 18.Be4 Nxe4 19.Rxe4 Bc8 20.Nf3 Bf5 21.Rd4 Rc2 22.Qb1 Bc5
23.Qe1 Re8 24.Be3 h6 25.b4 Bd6 26.a3 Qf6 27.Rc1 Ra2 28.Qc3 Rc8 29.Qb3 Rac2
30.Rxc2 Bxc2 31.Qa2 Bf5 32.Ne1 Be5 33.Rd1 Be4 34.f3 Bf5 35.Qf2 Qd6 36.g4 Bd7
37.Bc5 Qg6 38.h3 Ba4 39.Rd3 b6 40.Be3 Qd6 41.Kg2 a5 42.Bxb6 axb4 43.axb4 Qxb4
44.Bd4 Bd6 45.Rd2 f6 46.Be3 Re8 47.Nd3 Qc3 48.Bd4 Qc4 49.Nb2 Qb5 50.Nxa4 Qxa4
51.Bc5 Qf4 52.Bxd6 Qxd6 53.Qd4 Rd8 54.h4 Kf8 55.h5 Qe5 56.Qc5+ Kf7 57.Qc4 Qd6
58.Qd3 Kf8 59.Qh7 Re8 60.Qf5 Rd8 61.Kh3 Kf7 62.Rd3 Kf8 63.Rd2 Kf7 64.Qe6+ Kf8
65.Qxd6+ Rxd6 66.Kg3 Ke7 67.Kf4 Ra6 68.d6+ Rxd6 69.Rxd6 Kxd6 70.Kf5 Ke7  1/2-1/2

[Event "FSGM February"]
[Site "Budapest HUN"]
[Date "2009.02.07"]
[Round "1"]
[White "Banusz,T"]
[Black "Duong The Anh"]
[Result "1/2-1/2"]
[WhiteElo "2501"]
[BlackElo "2418"]

1.d4 d5 2.c4 c6 3.Nf3 Nf6 4.Nc3 e6 5.e3 Nbd7 6.Bd3 dxc4 7.Bxc4 b5 8.Bd3 Bd6
9.O-O O-O 10.e4 e5 11.Ne2 Re8 12.Qc2 Bb7 13.dxe5 Bxe5 14.Ng3 Bxg3 15.hxg3 Nc5
16.Rd1 Nxd3 17.Rxd3 Qc8 18.e5 Nd7 19.Bf4 c5 20.Ng5 Qc6 21.f3 Qg6 22.e6 fxe6
23.Qd2 Nb6 24.Re1 Nc4 25.Qe2 e5 26.Bc1 e4 27.Nxe4 Bxe4 28.fxe4 Ne5 29.Rdd1 Qxg3
30.Rf1 Rf8 31.Qe3 Qh4 32.Qxc5 Rxf1+ 33.Rxf1 Qxe4 34.Qxb5 Qd4+ 35.Kh1 Qh4+
36.Kg1 Qd4+ 37.Kh1 Qh4+ 38.Kg1 Qd4+  1/2-1/2

[Event "TCh-NED 2008-9"]
[Site "Netherlands NED"]
[Date "2009.02.07"]
[Round "5"]
[White "Abeln,M"]
[Black "Van de Oudeweetering,A"]
[Result "1/2-1/2"]
[WhiteElo "2329"]
[BlackElo "2350"]

1.d4 d5 2.c4 c6 3.Nc3 Nf6 4.e3 e6 5.Nf3 Nbd7 6.Qc2 Bd6 7.Bd3 O-O 8.O-O dxc4
9.Bxc4 b5 10.Bd3 Bb7 11.Rd1 b4 12.Na4 Rc8 13.a3 c5 14.dxc5 Bxf3 15.gxf3 Nxc5
16.axb4 Nxd3  1/2-1/2

[Event "TCh-NED 2008-9"]
[Site "Netherlands NED"]
[Date "2009.02.07"]
[Round "5"]
[White "Levin,F"]
[Black "Rothuis,V"]
[Result "1/2-1/2"]
[WhiteElo "2564"]
[BlackElo "2357"]

1.d4 d5 2.Nf3 Nf6 3.c4 e6 4.Nc3 c6 5.e3 Nbd7 6.Qc2 Bd6 7.b3 e5 8.cxd5 cxd5
9.Nb5 Bb4+ 10.Bd2 Bxd2+ 11.Nxd2 O-O 12.Qc7 a6 13.Qxd8 Rxd8 14.dxe5 Nxe5 15.Nd4 Ne4
16.f4 Ng4 17.Nxe4 dxe4 18.Kd2 Nh6 19.Be2 Nf5 20.g4 Nxd4 21.exd4 Rxd4+ 22.Ke3 Rd8
23.Rhd1 Bd7 24.Rac1 Bc6 25.Rxd8+ Rxd8 26.Bxa6 Ra8 27.Be2 Rxa2 28.Bb5 Rb2
29.Bxc6 Rxb3+ 30.Kxe4 bxc6 31.Rxc6 h5 32.gxh5 Rh3 33.Rc2 Rxh5 34.Kf3 Kh7
35.Kg3 Ra5 36.Rc6  1/2-1/2

[Event "73rd ch-BUL"]
[Site "Blagoevgrad BUL"]
[Date "2009.02.13"]
[Round "2"]
[White "Petkov,V"]
[Black "Bojkov,D"]
[Result "0-1"]
[WhiteElo "2504"]
[BlackElo "2477"]

1.d4 d5 2.c4 c6 3.Nf3 Nf6 4.Nc3 e6 5.e3 a6 6.Qc2 c5 7.cxd5 exd5 8.Be2 Nc6
9.O-O Be6 10.Rd1 Nb4 11.Qb1 Qc8 12.e4 dxe4 13.Nxe4 Bf5 14.Nfg5 cxd4 15.Rxd4 Be7
16.Rc4 Qd7 17.Bf4 Nbd5 18.Bg3 O-O 19.Bd3 Nxe4 20.Nxe4 Bg6 21.Rd4 Qc6 22.Qd1 Rad8
23.Rc1 Qb6 24.Bb1 Qxb2 25.Be5 Qa3 26.Ra4 Ne3 27.Rxa3 Rxd1+ 28.Rxd1 Nxd1 29.Rb3 Rc8
30.Kf1 f6 31.Bg3 b5 32.Ke1 Rd8 33.Bc2 Bxe4 34.Bxe4 Nc3 35.Bf3 Nxa2 36.Bc7 Rd7
37.Ba5 Nc1 38.Rc3 Nd3+ 39.Kf1 Ne5 40.Rc8+ Kf7 41.Be4 Nc4 42.Bc3 g6 43.Ke2 Ke6
44.g4 Nb6 45.Rb8 Nd5 46.Bd2 Bd6 47.Ra8 Nc7 48.Ra7 Bxh2 49.Ba5 Bd6 50.Bc6 Re7
51.Kf3 h5 52.gxh5 gxh5 53.Bb7 h4 54.Bc8+ Kd5 55.Bc3 Be5 56.Bb4 Re8 57.Bf5 Bd6
58.Bc3 Kc6 59.Bd4 Be5 60.Be4+ Kd6 61.Bb6 Re7 62.Ba5 Kc5 63.Bd2 Rd7 64.Ke2 h3
65.f4 Rxd2+ 66.Kxd2 Bxf4+ 67.Ke2 h2 68.Kf2 b4 69.Rb7 Nb5 70.Kg2 b3 71.Bd3 Be5
72.Rh7 b2  0-1

[Event "80th ch-GER"]
[Site "Saarbruecken GER"]
[Date "2009.02.14"]
[Round "9"]
[White "Bischoff,D"]
[Black "Sternheimer,E"]
[Result "1-0"]
[WhiteElo "2142"]
[BlackElo "2224"]

1.d4 d5 2.c4 c6 3.Nf3 Nf6 4.e3 e6 5.Nc3 Nbd7 6.Qc2 Be7 7.Be2 O-O 8.O-O Qc7
9.e4 dxe4 10.Nxe4 c5 11.dxc5 Nxe4 12.Qxe4 Nxc5 13.Qc2 a5 14.Ng5 f5 15.Bf3 h6
16.Nh3 g5 17.Re1 Bf6 18.g4 Bd7 19.gxf5 exf5 20.Bd5+ Kg7 21.Bd2 f4 22.Kg2 Qc8
23.Nxf4 gxf4 24.Bxf4 Bc6 25.Rg1 Kh8 26.Kh1 Rg8 27.Rg6 Rxg6 28.Qxg6  1-0

[Event "80th ch-GER"]
[Site "Saarbruecken GER"]
[Date "2009.02.14"]
[Round "9"]
[White "Baramidze,D"]
[Black "Braun,A"]
[Result "0-1"]
[WhiteElo "2548"]
[BlackElo "2558"]

1.c4 c6 2.d4 d5 3.Nc3 Nf6 4.Nf3 e6 5.e3 Nbd7 6.Bd3 dxc4 7.Bxc4 b5 8.Bd3 Bb7
9.O-O a6 10.e4 c5 11.d5 c4 12.Bc2 Qc7 13.Nd4 Nc5 14.b4 cxb3 15.axb3 b4 16.Na4 Ncxe4
17.Bxe4 Nxe4 18.dxe6 Bd6 19.exf7+ Qxf7 20.f3 Qh5 21.g3 Nxg3 22.Re1+ Kf7 23.hxg3 Bxg3
24.Ra2 Rad8 25.Re3 Rhe8 26.Rxe8 Rxe8 27.Re2 Qh4 28.Nc5 Bh2+ 29.Kf1 Be5 30.Be3 Bc8
31.Rg2 Bh3 32.Ne2 Bxg2+ 33.Kxg2 Qh2+ 34.Kf1 Qh3+ 35.Kf2 Qh2+ 36.Kf1 Qh3+
37.Kf2 Kg8 38.Ne4 Qh4+ 39.Kg2 Rd8 40.Qc2 Kh8 41.Ng5 Qh2+ 42.Kf1 Qh5 43.f4 Bf6
44.Kg2 Bxg5 45.fxg5 Qg4+ 46.Ng3 Qd1 47.Qc7 Qd5+ 48.Kh2 Re8 49.Bg1 Qxb3 50.Bd4 Qa2+
51.Kh3 Qe6+ 52.Kh4 Qe7 53.Qc6 Rd8 54.Nf5 Qe1+ 55.Kh3 Qf1+ 56.Kg4 Qd1+ 57.Kg3 Qd3+
58.Qf3 Qxf3+ 59.Kxf3 b3 60.Bxg7+ Kg8 61.Ke3 Rf8  0-1

[Event "2nd Pfalz Open"]
[Site "Neustadt an der Weinstrasse GER"]
[Date "2009.02.16"]
[Round "3"]
[White "Drozdovskij,Y"]
[Black "Beinoras,M"]
[Result "1-0"]
[WhiteElo "2607"]
[BlackElo "2426"]

1.d4 d5 2.c4 c6 3.Nc3 Nf6 4.e3 e6 5.Nf3 Nbd7 6.Qc2 Bd6 7.Bd3 O-O 8.O-O dxc4
9.Bxc4 e5 10.Bb3 Qe7 11.h3 Bc7 12.Bd2 h6 13.Nh4 Rd8 14.Nf5 Qf8 15.Rad1 exd4
16.exd4 Kh8 17.Rfe1 Nb6 18.Ne7 Rd7 19.Nxc8 Rxc8 20.Qf5 Qd6 21.g3 Nbd5 22.Bxd5 cxd5
23.Bf4 Qc6 24.Be5 Rcd8 25.Bxf6 gxf6 26.Re3 Rg8 27.Qh5 Rg6 28.Rde1 Kg7 29.Re8 Qb6
30.Qf5 Rd6 31.Nxd5 Qa5 32.Qc8 Bd8 33.Nf4 Rg5 34.Qxb7  1-0

[Event "US Amateur Team-ch East"]
[Site "Parsipanny USA"]
[Date "2009.02.16"]
[Round "5"]
[White "Song,P"]
[Black "Ryba,Andrew"]
[Result "0-1"]
[WhiteElo "2094"]
[BlackElo "2049"]

1.d4 d5 2.c4 e6 3.Nf3 Nf6 4.e3 c6 5.Nc3 Be7 6.Bd3 b6 7.O-O O-O 8.e4 dxe4
9.Nxe4 Bb7 10.Qe2 Nbd7 11.Rd1 Qc7 12.Bg5 Rfe8 13.Rac1 Rad8 14.c5 Nxe4 15.Qxe4 Nf8
16.Bf4 Qd7 17.h3 b5 18.b4 Qd5 19.Qe3 f5 20.Bc2 Bf6 21.Bb3 Qd7 22.Bg5 Bxg5
23.Qxg5 h6 24.Qxf5 Qf7 25.Qe4 Qg6 26.Qe2 Qf6 27.Ne5 Ng6 28.Nxg6 Qxg6 29.Bc2 Qf6
30.Qe4 a5 31.Qh7+ Kf7 32.Rd3 Rh8 33.Qe4 Ke7 34.Re1 Rhf8 35.Rf3 Rxd4 36.Qe3 Rf4
37.Rxf4 Qxf4 38.Qxe6+ Kd8 39.Rd1+ Kc7 40.Qe7+ Kc8 41.bxa5 Qxf2+ 42.Kh1 Qf6
43.Qd7+ Kb8 44.Be4 Rf7 45.Qe8+ Ka7 46.Qd8 Qxd8 47.Rxd8 Ka6 48.Rd6 Rc7 49.Bf3 Kxa5
50.Rd4 b4 51.Be2 Re7 52.Bc4 Re5 53.Rd7 Rxc5 54.Rxb7 Rxc4 55.Rxg7 c5 56.g4 Rd4
57.Rh7 Rd6 58.Kg2 c4 59.Rc7 Kb5 60.h4 Rc6  0-1

[Event "73rd ch-BUL"]
[Site "Blagoevgrad BUL"]
[Date "2009.02.18"]
[Round "9"]
[White "Petkov,V"]
[Black "Filev,G"]
[Result "1-0"]
[WhiteElo "2504"]
[BlackElo "2378"]

1.d4 d5 2.c4 c6 3.Nf3 Nf6 4.Nc3 e6 5.e3 Nbd7 6.Bd3 dxc4 7.Bxc4 b5 8.Bd3 a6
9.e4 c5 10.e5 cxd4 11.Nxb5 axb5 12.exf6 gxf6 13.O-O Qb6 14.Re1 Bb7 15.Bf4 Rg8
16.Bg3 Bd6 17.Bxh7 Rh8 18.Be4 Bxg3 19.hxg3 Rd8 20.Bxb7 Qxb7 21.Qxd4 Ne5 22.Qf4 Nxf3+
23.gxf3 Ke7 24.Rac1 Rd6 25.Kg2 Rc8 26.Qb4 Rxc1 27.Rxc1 Kd7 28.Rc3 Qb6 29.Rc5 Rd5
30.Rxd5+ exd5 31.a4 Kc6 32.a5 Qd8 33.Qc3+ Kb7 34.Qd4 b4 35.Qxb4+ Ka6 36.Kf1  1-0

[Event "2nd Pfalz Open"]
[Site "Neustadt an der Weinstrasse GER"]
[Date "2009.02.18"]
[Round "5"]
[White "Malakhatko,V"]
[Black "Macak,S"]
[Result "1-0"]
[WhiteElo "2610"]
[BlackElo "2527"]

1.d4 d5 2.c4 c6 3.Nc3 Nf6 4.e3 e6 5.Nf3 Nbd7 6.Bd3 dxc4 7.Bxc4 b5 8.Bd3 a6
9.a4 b4 10.Ne4 c5 11.Nxf6+ Nxf6 12.dxc5 Bxc5 13.e4 Bb7 14.Qe2 Nd7 15.Bf4 O-O
16.O-O a5 17.Rad1 Qe7 18.Bb5 Nb6 19.Rd2 Rfd8 20.Rc1 Rxd2 21.Nxd2 e5 22.Be3 Bxe3
23.Qxe3 Rc8 24.Nb3 Rxc1+ 25.Qxc1 Bxe4 26.Qe3 Bd5 27.Qxb6 Bxb3 28.Qxa5 h5
29.Qa8+ Kh7 30.Qf3 Bc2 31.Qxh5+ Kg8 32.Qe2 Qc7 33.h3 e4 34.Qc4 Qxc4 35.Bxc4 Bxa4
36.Kf1 Kf8 37.Ke2 f5 38.Ke3 Ke7 39.Kd4 Kd6 40.g4 Bd7 41.gxf5 Bxf5 42.h4 Bg6
43.Bd5 Bf5 44.Bxe4 Be6 45.Bg6 Kc6 46.Ke5 Bc4 47.Bf5 Bb3 48.f4 Bc4 49.Be6 Be2
50.f5 Kc7 51.Bf7 Kd8 52.f6  1-0